000 00417nam a22001457a 4500
005 20180124114950.0
008 180124b xxu||||| |||| 00| 0 eng d
040 _cPK-LaUMT
082 _aPKAC 297.74
_bASA-A
100 _aAsad Jillani
245 _aAbul Ala Maududi , Fikar wa dawat(arabic)/
_cAsad Jillani
260 _aلاہور:
_bالاکادیمیۃ الاسلامیۃ،
_c1983
300 _a453
942 _cBK
999 _c102073
_d102073